|
|
|
|
| LEADER |
00000cam a2200000 4500 |
| 001 |
vtls012272081 |
| 003 |
SK-MaSNL |
| 005 |
20260301232115.0 |
| 008 |
250226s2024 xo o g n 001 0 cze |
| 015 |
|
|
|a SNBA2025/05
|
| 020 |
|
|
|a 9788097427474
|q (brožované)
|
| 040 |
|
|
|a SNK
|b slo
|c SNK
|e rda
|
| 041 |
0 |
|
|a cze
|a slo
|
| 043 |
|
|
|a e-xo---
|a e-ci---
|
| 044 |
|
|
|a xo
|c SK
|
| 072 |
|
7 |
|a 355/359
|x Vojenstvo. Obrana krajiny. Ozbrojené sily
|2 konspekt
|
| 080 |
|
|
|a 355.48(100)"1939/1945"
|2 2011
|
| 080 |
|
|
|a 341.76
|2 2011
|
| 080 |
|
|
|a 94(437.6)
|2 2011
|
| 080 |
|
|
|a 94 (497.5)
|2 2011
|
| 080 |
|
|
|a (048.8)
|2 2011
|
| 080 |
|
|
|a 323.22/.28
|2 2011
|
| 100 |
1 |
|
|a Pejs, Oldřich
|4 aut
|9 12287
|
| 245 |
1 |
0 |
|a Slovensko-chorvatské vojenské vztahy (1941-1945)
|c Oldřich Pejs
|
| 264 |
|
1 |
|a Banská Bystrica
|b Múzeum Slovenského národného povstania
|c 2024
|
| 300 |
|
|
|a 182 strán
|b fotografie
|c 24 cm
|
| 336 |
|
|
|a text
|b txt
|2 rdacontent
|
| 337 |
|
|
|a bez média
|b n
|2 rdamedia
|
| 338 |
|
|
|a zväzok
|b nc
|2 rdacarrier
|
| 500 |
|
|
|a Obsahuje poznámky pod čiarou
|
| 504 |
|
|
|a Obsahuje bibliografiu na strane 155-174, bibliografické odkazy a register
|
| 546 |
|
|
|a Čiastočný text v slovenčine
|
| 648 |
|
7 |
|a 1941-1945
|2 SNKPH
|9 343097
|
| 650 |
0 |
7 |
|a vojenské vzťahy
|2 SNKPH
|9 625243
|
| 650 |
0 |
7 |
|a druhá svetová vojna (1939-1945)
|2 SNKPH
|9 169657
|
| 650 |
0 |
7 |
|a diplomatické vzťahy
|2 SNKPH
|9 3831
|
| 650 |
0 |
7 |
|a World War (1939-1945)
|2 SNKPHeng
|9 284172
|
| 650 |
0 |
7 |
|a vnútropolitický vývoj
|2 SNKPH
|9 88635
|
| 650 |
0 |
7 |
|a Diplomatic relations
|2 SNKPHeng
|9 267178
|
| 650 |
0 |
7 |
|a Internal political developments
|2 SNKPHeng
|9 274994
|
| 651 |
|
7 |
|a Slovensko
|x dejiny
|2 SNKPHgeo
|9 13278
|
| 651 |
|
7 |
|a Chorvátsko
|x dejiny
|2 SNKPHgeo
|9 17970
|
| 651 |
|
7 |
|a Slovakia
|x history
|2 SNKPHeng
|9 266841
|
| 651 |
|
7 |
|a Croatia
|x History
|2 SNKPHeng
|9 109943
|
| 655 |
|
7 |
|a monografie
|2 SNKPH
|9 70139
|
| 655 |
|
7 |
|a Monographs
|2 SNKPHeng
|9 120675
|
| 700 |
1 |
|
|a Kocák, Ivan
|4 bkd
|9 150561
|
| 700 |
1 |
|
|a Uhrin, Marian,
|d 1978-
|4 rev
|9 99354
|
| 700 |
1 |
|
|a Syrný, Marek,
|d 1977-
|4 rev
|9 90884
|
| 852 |
|
|
|a Slovenská národná knižnica
|
| 919 |
|
|
|a 978-80-974274-7-4
|
| 954 |
|
|
|a odborná, vedecká literatúra cudzojazyčná (svetová)
|2 lita
|
| 954 |
|
|
|a odborná, vedecká literatúra pôvodná (slovenská)
|2 lita
|
| 958 |
|
|
|a NB
|
| 999 |
|
|
|c 960441
|d 962371
|
| 952 |
|
|
|a SNK
|b SNK
|c SNK_KF
|y PREZ
|7 6
|p 17A1567347
|o snkSC 210130
|i snk2025/6819
|8 0
|0 0
|1 0
|4 0
|d 2025-04-23
|l 0
|r 2025-11-03 00:00:00
|w 2026-02-24
|